| 000 | 00566nam a22001817a 4500 | ||
|---|---|---|---|
| 999 |
_c185190 _d185190 |
||
| 005 | 20220131122602.0 | ||
| 010 | _aENG-131334 | ||
| 020 |
_a9789352664344 _c250.00 |
||
| 035 | _aEN-114866 | ||
| 037 | _bDBAD | ||
| 082 | _a954..035 | ||
| 100 | _aPradhan, Ram Chandra | ||
| 245 |
_aColonialism In India/ _cRam Chandra Pradhan |
||
| 260 |
_aNew Delhi _bPrabhat Exam _c2017 |
||
| 270 |
_bNew Delhi _a4/19, Asaf Ali Road _e110002 _k23289555, 23289666, 23289777 _mprabhatbooks@gmail.com |
||
| 300 |
_a270p. _c21cm(pbk) |
||
| 942 |
_2ddc _cEN _h954.035 _mPRA |
||